000 03840nam a2200301 a 4500
001 000013405
005 20240306073903.0
008 091118s2005 dr ac 000 0 spa d
020 _a9945111124 (v. 1)
020 _a9945111132 (v. 2)
020 _a9945111140 (v. 3)
020 _a9945111159 (v. 4)
040 _aDO-SdBNP
_bspa
_cBNPHU
082 _axxxx
_bR382
100 1 _aRodríguez, P. Federico
_930655
245 1 0 _aReligión :
_beducación media /
_cP. Federico Rodríguez ; dirección editorial Obdulia García de Escobar ; ilustración Ruddy Núñez.
260 _aSanto Domingo :
_bSantillana,
_c2005.
300 _av. :
_bil., retrs. ;
_c28 cm.
490 1 _aÁmbar
500 _aEducación media
505 0 _av. 1 :
_g1er. curso/1er. ciclo
_gunidad 1 --
_tVías para llegar a Dios --
_gunidad 2 --
_tReligión, sociedad y cultura --
_gunidad 3 --
_tHistoria de las religiones --
_gunidad 4 --
_tLas religiones orientales --
_gunidad 5 --
_tEl islam --
_gunidad 6 --
_tLa revelación de Dios --
_gunidad 7 --
_tGeografía de Israel --
_gunidad 8 --
_tHistoria de Israel (I) --
_gunidad 9 --
_tHistoria de Israel (II) --
_gunidad 10 --
_tEl judaísmo --
_gunidad 11 --
_tLa revelación de Dios en los evangelios --
_gunidad 12 --
_tLa fe, respuesta a la revelación --
_gunidad 13 --
_tLa fe en Jesucristo resucitado --
_gunidad 14 --
_tEl misterio de la Trinidad --
_gunidad 15 --
_tEl cristianismo --
505 0 _av. 2 :
_g2do. curso/1er. ciclo
_gunidad 1 --
_tDios y la revelación divina --
_gunidad 2 --
_tJesús y la fe en Cristo --
_gunidad 3 --
_tLa obra salvadora de Jesucristo --
_gunidad 4 --
_tLa iglesia --
_gunidad 5 --
_tOrganización de la iglesia --
_gunidad 6 --
_tLos primeros cristianos --
_gunidad 7 --
_tLa iglesia hasta el siglo V --
_gunidad 8 --
_tLa iglesia en la edad media --
_gunidad 9 --
_tLa iglesia: siglos XV y XVI --
_gunidad 10 --
_tLa iglesia: siglos XVII y XVIII --
_gunidad 11 --
_tLa iglesia: siglos XIX y XX --
_gunidad 12 --
_tLa iglesia en el siglo XX --
_gunidad 13 --
_tLa iglesia contemporánea --
_gunidad 14 --
_tEl cristianismo y la cultura --
_gunidad 15 --
_tJesucristo, señor de la historia --
505 0 _av. 3 :
_g1er. curso/2do. ciclo
_gunidad 1 --
_tOrigen de la religión --
_gunidad 2 --
_tLas grandes religiones --
_gunidad 3 --
_tReligión: presente y futuro --
_gunidad 4 --
_tQué es la biblia --
_gunidad 5 --
_tDios se ha revelado --
_gunidad 6 --
_tLa biblia, fuente de la fe cristiana --
_gunidad 7 --
_tJesús, personaje histórico --
_gunidad 8 --
_tEl Cristo en la fe --
_gunidad 9 --
_tJesús, hombre para los hombres --
_gunidad 10 --
_tMaría de Nazaret --
_gunidad 11 --
_tComunidad de los creyentes --
_gunidad 12 --
_tÉtica humana y ética cristiana --
_gunidad 13 --
_tLa doctrina social de la iglesia --
_gunidad 14 --
_tQué es le humanismo --
_gunidad 15 --
_tCristianismo, ¿un humanismo? --
_gunidad 16 --
_tEl cristianismo en el arte --
_gunidad 17 --
_tCristianismo, ciencia y arte --
_gunidad 18 --
_tLa religión y la comunicación --
505 0 _av. 4 :
_g2do. curso/2do. ciclo
_gunidad 1 --
_t¿Por qué es razonable creer? --
_gunidad 2 --
_tDios y el problema del mal --
_gunidad 3 --
_tEl silencio de Dios --
_gunidad 4 --
_tLos Evangelios --
_gunidad 5 --
_tLos sinópticos y San Juan --
_gunidad 6 --
_tActualidad del mensaje evangélico --
_gunidad 7 --
_tLa libertad humana --
_gunidad 8 --
_tLa igualdad y la justicia --
_gunidad 9 --
_tLa solidadridad y la fraternidad --
_gunidad 10 --
_tEl origen de la humanidad --
_gunidad 11 --
_tEl hombre y la naturaleza --
_gunidad 12 --
_tLa ecología --
_gunidad 13 --
_tOrganización social --
_gunidad 14 --
_tOrganización política --
_gunidad 15 --
_tSistemas económicos --
_gunidad 16 --
_tEl mundo real --
_gunidad 17 --
_tLa utopía --
_gunidad 18 --
_tLa esperanza --
700 1 _aGarcía Escobar, Obdulia de
_edir. ed.
_929220
700 1 _aNúñez, Ruddy,
_eil.
_923171
830 0 _aÁmbar
_96599
999 _c13031
_d13031